Score 0/26 Timer 05:00
1 Play Today
Word President % Correct
aftWilliam Howard Taft
97%
madJames Madison
89%
forGerald Ford
84.5%
roeJames Monroe
83.4%
lintBill Clinton
78.3%
dingWarren Harding
76.8%
bamBarack Obama
75.1%
fieldJames Garfield
74.9%
landGrover Cleveland
73%
damJohn Adams/John Quincy Adams
72.2%
rantUlysses S. Grant
70.4%
busGeorge Bush/George W. Bush
68.3%
ashGeorge Washington
67.9%
Word President % Correct
moreMillard Fillmore
66%
artChester Arthur/Jimmy Carter
65.4%
levelGrover Cleveland
64.4%
manHarry Truman
64%
ayeRutherford B. Hayes
58.4%
intoBill Clinton
54.3%
oweDwight Eisenhower
52.3%
overHerbert Hoover
51.3%
rumHarry Truman/Donald Trump
50.8%
pieFranklin Pierce
47.6%
kinWilliam McKinley
47.1%
burMartin Van Buren
40.4%
lidCalvin Coolidge
38.6%
Remove Ads.
Support Sporcle.
Get the best of Sporcle when you Go Orange. This ad-free experience offers more features, more stats, and more fun while also helping to support Sporcle. Thank you for becoming a member.

You're not logged in!

Compare scores with friends on all Sporcle quizzes.
OR
Log In

Show Comments

Extras

Top Quizzes Today


Score Distribution

Your Account Isn't Verified!

In order to create a playlist on Sporcle, you need to verify the email address you used during registration. Go to your Sporcle Settings to finish the process.

Report this User

Report this user for behavior that violates our Community Guidelines.

Details: